00396nam a2200157Ia 45000010006000000050017000060080041000230410008000640820020000721000028000922450065001202600009001853000028001946500008002226540008002301303520260306163024.0260306t2013||||xx |||||||||||||| ||spa|| aESP aRD 657.003bC15 aCadena, Richard J.eAUT 0aDictionary of specialized accounting and finance terminology c2013 a353 páginas :c22 cm. aGEN aCCO